| 000 | 00421nam a2200169Ia 4500 | ||
|---|---|---|---|
| 008 | 230524s9999 xx 000 0 und d | ||
| 020 | _a8173714940 | ||
| 082 |
_a537.32 _bRAY |
||
| 100 | _aDilip K Roy | ||
| 245 | 0 | _a"Physics of Semiconductor Devices ," | |
| 250 | _a2ND | ||
| 260 |
_aNEW DELHI _bUniversities Press _c2008 |
||
| 300 | _aVIII;405 | ||
| 500 | _aQuantity Number: 14 | ||
| 650 | _aPhysics | ||
| 942 | _cBK | ||
| 999 |
_c42962 _d42962 |
||